00341 a2200133 4500001000700000040002200007041001600029082002300045100004000068245004700108260003100155300000800186362001300194139453 cLeonardo Da Vinci aPortuguês a574 L855babL855ba aLOPES, Sônia Godoy Bueno Carvalho aBIO: livro amarelobbiologia: segundo grau bSaraivac1985aSão Paulo a280 a19850000